Mīrām̐bāī kī padāvalī. (Record no. 73504)

MARC details
000 -LEADER
fixed length control field 00786cam a22002651 4500
001 - CONTROL NUMBER
control field sa 67002889
003 - CONTROL NUMBER IDENTIFIER
control field DLC
005 - DATE AND TIME OF LATEST TRANSACTION
control field 20260227112334.0
008 - FIXED-LENGTH DATA ELEMENTS--GENERAL INFORMATION
fixed length control field 900111s1966 ii b 000 0 hino
010 ## - LIBRARY OF CONGRESS CONTROL NUMBER
LC control number sa 67002889
035 ## - SYSTEM CONTROL NUMBER
System control number (OCoLC)20877677
040 ## - CATALOGING SOURCE
Original cataloging agency DLC
Transcribing agency WaU
Modifying agency NRU
-- DLC
042 ## - AUTHENTICATION CODE
Authentication code premarc
050 00 - LIBRARY OF CONGRESS CALL NUMBER
Classification number PK2095
Item number .M5 1966
100 0# - MAIN ENTRY--PERSONAL NAME
Personal name Mīrābāī,
Dates associated with a name active 1516-1546.
245 10 - TITLE STATEMENT
Title Mīrām̐bāī kī padāvalī.
Statement of responsibility, etc. Sampādaka Parśurāma Caturvedī.
250 ## - EDITION STATEMENT
Edition statement [13. saṃskaraṇa]
260 ## - PUBLICATION, DISTRIBUTION, ETC.
Place of publication, distribution, etc. Prayāga,
Name of publisher, distributor, etc. Hindī Sāhitya Sammelana
Date of publication, distribution, etc. [1966]
300 ## - PHYSICAL DESCRIPTION
Extent 260 p.
Dimensions 19 cm.
440 #0 - SERIES STATEMENT/ADDED ENTRY--TITLE
Title Sulabha-sāhitya-mālā
500 ## - GENERAL NOTE
General note In Hindi.
500 ## - GENERAL NOTE
General note Without music.
504 ## - BIBLIOGRAPHY, ETC. NOTE
Bibliography, etc. note Bibliography: p. [253]-260.
700 1# - ADDED ENTRY--PERSONAL NAME
Personal name Caturvedī, Paraśurāma,
Dates associated with a name 1894-1979.

No items available.

Powered by Koha